John Lennon or Paul McCartney? - Statistics

General Stats
  • This quiz has been taken 371 times
  • The average score is 13 of 15
Answer Stats
Question Answer % Correct
Imagine John Lennon
98%
Maybe I'm Amazed Paul McCartney
95%
Band on the Run Paul McCartney
95%
Live and Let Die Paul McCartney
95%
Silly Love Songs Paul McCartney
92%
Instant Karma John Lennon
87%
Look at Me John Lennon
84%
I Found Out John Lennon
83%
I'm Losing You John Lennon
78%
Hi, Hi, Hi Paul McCartney
78%
Oh My Love John Lennon
76%
Let Me Roll It Paul McCartney
76%
Out of the Blue John Lennon
71%
Coming Up Paul McCartney
71%
Here Today Paul McCartney
71%
No matching quizzes found
Score Distribution
Percent of People with Each Score
Percentile by Number Answered
Your Score History
You have not taken this quiz